Valores y sociedad (Record no. 136817)
[ view plain ]
| 000 -LEADER | |
|---|---|
| fixed length control field | 00559nam a22002057a 4500 |
| 005 - DATE AND TIME OF LATEST TRANSACTION | |
| control field | 20250226120001.0 |
| 008 - FIXED-LENGTH DATA ELEMENTS--GENERAL INFORMATION | |
| fixed length control field | 170921b mx ||||| |||| 00| 0 spa d |
| 020 ## - INTERNATIONAL STANDARD BOOK NUMBER | |
| International Standard Book Number | 9707030100 |
| 050 04 - LIBRARY OF CONGRESS CALL NUMBER | |
| Classification number | HM683 |
| Item number | I34 2000 |
| 050 04 - LIBRARY OF CONGRESS CALL NUMBER | |
| Classification number | HM681 |
| Item number | I35 2000 |
| 100 1# - MAIN ENTRY--PERSONAL NAME | |
| Personal name | Iglesias, Severo. |
| 245 10 - TITLE STATEMENT | |
| Title | Valores y sociedad |
| Statement of responsibility, etc | / Severo Iglesias. |
| 250 ## - EDITION STATEMENT | |
| Edition statement | 1a ed. |
| 260 ## - PUBLICATION, DISTRIBUTION, ETC. (IMPRINT) | |
| Place of publication, distribution, etc | México : |
| Name of publisher, distributor, etc | Tiempo y Obra, |
| Date of publication, distribution, etc | 2000. |
| 300 ## - PHYSICAL DESCRIPTION | |
| Extent | 358 p. ; |
| Dimensions | 21 cm. |
| 504 ## - BIBLIOGRAPHY, ETC. NOTE | |
| Bibliography, etc | Incluye bibliografía |
| 650 #7 - SUBJECT ADDED ENTRY--TOPICAL TERM | |
| Source of heading or term | lemb |
| Topical term or geographic name as entry element | Valores sociales |
| 650 #7 - SUBJECT ADDED ENTRY--TOPICAL TERM | |
| Source of heading or term | lemb |
| Topical term or geographic name as entry element | Sociedad |
| 942 ## - ADDED ENTRY ELEMENTS (KOHA) | |
| Source of classification or shelving scheme | Biblioteca del Cogreso de los Estados Unidos |
| Koha item type | Libro |
| Estado de pérdida | Fuente de clasificación | Estado del daño | No para préstamo | Ubicación permanente | Ubicación actual | Apartado o colección | Fecha de adquisición | Fuente de adquisición | Edición | Enumeración de Serie / Cronológica | Dependencia de educación superior (DES) | Área del conocimiento | Clasificación | Código de Barras | Date last seen | Número de copia | Tipo de recurso | Costo por reposición | Total Checkouts |
|---|---|---|---|---|---|---|---|---|---|---|---|---|---|---|---|---|---|---|---|
| Biblioteca del Cogreso de los Estados Unidos | Biblioteca Campus Ciudad Hidalgo | Biblioteca Campus Ciudad Hidalgo | General | 03/09/2019 | Donación | 1a. | Ciencias de la Salud | Ciencias Sociales y Administrativas | HM683 I34 2000 | BCCH000001268 | 03/09/2019 | 1 | Libro | 1.00 | |||||
| Biblioteca del Cogreso de los Estados Unidos | Biblioteca de la Facultad de Filosofía | Biblioteca de la Facultad de Filosofía | General | 05/07/2023 | Donación | 1a ed. | Humanidades | Educación y Humanidades | HM683 I34 2000 | BFF000040089 | 05/07/2023 | C:1 | Libro | 1.00 | |||||
| Biblioteca del Cogreso de los Estados Unidos | Biblioteca de la Facultad de Ingeniería Civil | Biblioteca de la Facultad de Ingeniería Civil | General | 12/02/2025 | 1a ed. | Ciencias Sociales y Administrativas | HM681 I35 2000 | BIC000001852 | 19/02/2025 | 1 | Libro | 1.00 | |||||||
| Biblioteca del Cogreso de los Estados Unidos | Biblioteca de la Facultad de Psicología | Biblioteca de la Facultad de Psicología | General | 21/09/2017 | Donación | 1a. | BFP000012193 | Ciencias de la Salud | Ciencias de la Salud | HM683 I34 2000 | BFP000012193 | 21/09/2017 | 1 | Libro | |||||
| Biblioteca del Cogreso de los Estados Unidos | Biblioteca de la Preparatoria Melchor Ocampo | Biblioteca de la Preparatoria Melchor Ocampo | General | 28/06/2022 | 1a. ed. | Ciencias Sociales y Administrativas | HM45 I35 2000 | PMO000001503 | 28/06/2022 | C:1 | Libro | 1.00 |